Ľudský faktor v spoločensky zodpovednom podnikaní bakalárska práca

Na minha lista:
Detalhes bibliográficos
Autor principal: Makeľová, Slavomíra
Autor Corporativo: Podnikovohospodárska fakulta EU so sídlom v Košiciach. Katedra manažmentu
Outros Autores: Halagová, Lýdia
Formato: Livro
Idioma:eslovaco
Publicado em: Košice 2011
Tags: Adicionar Tag
Sem tags, seja o primeiro a adicionar uma tag!

MARC

LEADER 00000nbm a2200000 4500
001 0139312
005 20161109111615.4
041 0 |a slo 
044 |a SK 
245 1 0 |a Ľudský faktor v spoločensky zodpovednom podnikaní  |b bakalárska práca  |c Slavomíra Makeľová ; školiteľ: Lýdia Halagová 
264 1 |a Košice  |c 2011 
300 |a 57 s. 
100 1 |a Makeľová, Slavomíra 
700 1 |a Halagová, Lýdia 
710 2 |a Podnikovohospodárska fakulta EU so sídlom v Košiciach. Katedra manažmentu